Government and politics in the twentieth century (Record no. 9679)
[ view plain ]
| 000 -LEADER | |
|---|---|
| fixed length control field | 00853pam a2200265 4500 |
| 001 - CONTROL NUMBER | |
| control field | 4079355 |
| 005 - DATE AND TIME OF LATEST TRANSACTION | |
| control field | 20260507150626.0 |
| 008 - FIXED-LENGTH DATA ELEMENTS--GENERAL INFORMATION | |
| fixed length control field | 730122s1973 nyu b 000 0 eng |
| 010 ## - LIBRARY OF CONGRESS CONTROL NUMBER | |
| LC control number | 72083003 |
| 035 ## - SYSTEM CONTROL NUMBER | |
| System control number | 4079355 |
| 040 ## - CATALOGING SOURCE | |
| Transcribing agency | IRDP |
| 050 00 - LIBRARY OF CONGRESS CALL NUMBER | |
| Classification number | JA66 |
| Item number | .C3 1973 |
| 082 00 - DEWEY DECIMAL CLASSIFICATION NUMBER | |
| Classification number | 320.3 |
| 100 1# - MAIN ENTRY--PERSONAL NAME | |
| Personal name | Carter, Gwendolen Margaret, |
| Dates associated with a name | 1906-1991. |
| 245 10 - TITLE STATEMENT | |
| Title | Government and politics in the twentieth century |
| Statement of responsibility, etc. | [by] Gwendolen M. Carter and John H. Herz. |
| 250 ## - EDITION STATEMENT | |
| Edition statement | 3d ed. |
| 260 ## - PUBLICATION, DISTRIBUTION, ETC. (IMPRINT) | |
| Place of publication, distribution, etc. | New York, |
| Name of publisher, distributor, etc. | Praeger Publishers |
| Date of publication, distribution, etc. | [1973] |
| 300 ## - PHYSICAL DESCRIPTION | |
| Extent | xiii, 278 p. |
| Dimensions | 21 cm. |
| 504 ## - BIBLIOGRAPHY, ETC. NOTE | |
| Bibliography, etc | Includes bibliographical references. |
| 650 #0 - SUBJECT ADDED ENTRY--TOPICAL TERM | |
| Topical term or geographic name as entry element | Political science. |
| 700 1# - ADDED ENTRY--PERSONAL NAME | |
| Personal name | Herz, John H., |
| Dates associated with a name | 1908-2005, |
| Relator term | joint author. |
| 906 ## - LOCAL DATA ELEMENT F, LDF (RLIN) | |
| a | 7 |
| b | cbc |
| c | orignew |
| d | 1 |
| e | opcn |
| f | 19 |
| g | y-gencatlg |
| 942 ## - ADDED ENTRY ELEMENTS (KOHA) | |
| Source of classification or shelving scheme | Dewey Decimal Classification |
| Koha item type | BOOKS |
| Withdrawn status | Lost status | Source of classification or shelving scheme | Damaged status | Not for loan | Home library | Current library | Shelving location | Date acquired | Total Checkouts | Full call number | Barcode | Date last seen | Price effective from | Koha item type |
|---|---|---|---|---|---|---|---|---|---|---|---|---|---|---|
| Dewey Decimal Classification | Dodoma | Dodoma | Ground Floor | 07/05/2026 | 320.3 CAR | LIB003511 | 07/05/2026 | 07/05/2026 | BOOKS |
